[Event "Amantea U16"]
[Site "Amantea"]
[Date "2011.09.05"]
[Round "2"]
[White "Cammareri, Pasquale"]
[Black "Catapano, Giovanni"]
[Result "1-0"]
[WhiteElo "1452"]
[BlackElo "1440"]
[PlyCount "53"]
[EventDate "2011.09.04"]
[EventType "swiss"]
[EventRounds "8"]
[EventCountry "ITA"]
[SourceTitle "EXT 2014"]
[Source "ChessBase"]
[SourceDate "2013.11.20"]
[SourceVersion "1"]
[SourceVersionDate "2013.11.20"]
[SourceQuality "1"]

1. d4 Nc6 2. Nf3 Nf6 3. e3 e6 4. Bd3 d5 5. 0-0 Bd6 6. b3 0-0 7. Bb2 Nb4 8. Be2 Ne4 9. Nbd2 Qf6 10. a3 Nc6 11. c4 dxc4 12. Nxe4 Qg6 13. Nxd6 cxd6 14. bxc4 e5 15. dxe5 dxe5 16. Nxe5 Nxe5 17. Bxe5 b6 18. Bf3 Bb7 19. Bxb7 Rad8 20. Qf3 Rfe8 21. Bc7 Rd7 22. Bc6 Rxc7 23. Bxe8 Re7 24. Bc6 Re6 25. Bd5 Rf6 26. Qe4 Qh5 27. Qe8# 1-0